| 000 | 01120nam a22002537a 4500 | ||
|---|---|---|---|
| 005 | 20110127111440.0 | ||
| 008 | 110127t xxu||||| |||| 00| 0 hin d | ||
| 010 | _aHIN-91631 | ||
| 020 |
_a9789350004609 _c300.00 |
||
| 035 | _aHN-63977 | ||
| 037 | _bDBAD / PUB | ||
| 040 |
_aDPL _bHN |
||
| 082 | _a425 | ||
| 100 |
_aपांडेय, राजेंद्र कुमार _925632 |
||
| 245 |
_aव्यावसायिक हिंदी / _cराजेंद्र कुमार पांडेय |
||
| 246 |
_aVyavsatik Hindi _bby Rajendra Kumar Pandey |
||
| 260 |
_aनई दिल्ली _bवाणी प्रकाशन _c2010 |
||
| 270 |
_a4695, 21-ए, दरियागंज _bनई दिल्ली _e110002 |
||
| 300 |
_a171पृ. _c22सेमी (सजिल्द) |
||
| 650 |
_9657 _aहिन्दी व्याकरण _bhindi veakaran |
||
| 700 | _925634 | ||
| 942 |
_2ddc _cHN _h425 _mपांडेय |
||
| 999 |
_c50119 _d50119 |
||